Windows 2000 server Fastfood

সংরক্ষণ করুন:
গ্রন্থ-পঞ্জীর বিবরন
প্রধান লেখক: Lê Xuân Đồng
বিন্যাস: গ্রন্থ
ভাষা:Undetermined
প্রকাশিত: Tp. HCM Thống Kê 2002
বিষয়গুলি:
ট্যাগগুলো: ট্যাগ যুক্ত করুন
কোনো ট্যাগ নেই, প্রথমজন হিসাবে ট্যাগ করুন!
Thư viện lưu trữ: Trung tâm Học liệu Trường Đại học Cần Thơ
LEADER 00587nam a2200193Ia 4500
001 CTU_52239
008 210402s9999 xx 000 0 und d
020 |b 24000 
082 |a 005.43769 
082 |b Đ455 
100 |a Lê Xuân Đồng 
245 0 |a Windows 2000 server Fastfood 
245 0 |c Lê Xuân Đồng 
260 |a Tp. HCM 
260 |b Thống Kê 
260 |c 2002 
650 |a windows ( computer programs ),electronic data processing,client/server computing 
650 |x distributed processing 
980 |a Trung tâm Học liệu Trường Đại học Cần Thơ